| 000 | 01152nam a2200265 a 4500 | ||
|---|---|---|---|
| 999 |
_c490147 _d490147 |
||
| 003 | BLK | ||
| 005 | 20250620093510.0 | ||
| 008 | 230324b bu |||||||||| 00| | bu d | ||
| 020 | _a9789542839989 | ||
| 040 | _aBLK | ||
| 041 |
_aBUL _cBUL |
||
| 080 |
_aАмериканска литература (на САЩ) _b821.111(73) _x-312.9 _z821.111(73)-312.9 |
||
| 100 |
_9302693 _aНовик, Наоми _eпърви автор |
||
| 139 |
_aНовик, Наоми _bН 86 |
||
| 245 |
_aПоследното дипломиране _bвтори урок по магьосничество _cНаоми Новик ; прев. от англ. ез. Зорница Русева |
||
| 260 |
_9217021 _aСофия _bСиела Норма _c2022 _f([Костинброд] : Мултипринт ООД) _n978-954-28- |
||
| 300 |
_a476 с. _c21 см |
||
| 380 | _aX | ||
| 500 | _aОриг. загл.: The last graduate / Naomi Novik | ||
| 700 |
_91021 _aРусева, Зорница Христова _eпрев. от англ. |
||
| 856 |
_i0.00 _ldisable |
||
| 942 |
_cKNG _n0 _s1 _021 |
||
| 944 |
_aCR _c2023-03-24 _k30530 _lМинев Младен |
||
| 999 | _d490147 | ||